Santa balbina 37, gas en cada piso y otro relato /
Guardado en:
| Autor Principal: | |
|---|---|
| Formato: | Libro |
| Publicado: |
España :
Aguilar,
1995
|
| Series: | Relato corto, 2
|
| Materias: | |
| Etiquetas: |
Agregar Etiqueta
Sin Etiquetas, Sea el primero en etiquetar este registro!
|
| LEADER | 00654nam a22002175a 4500 | ||
|---|---|---|---|
| 001 | CEM.cems008905 | ||
| 005 | 20060214000000.0 | ||
| 008 | 130507s1995##################000#0#####d | ||
| 003 | CEMS | ||
| 082 | 0 | 4 | |a 868.6 |
| 100 | 1 | |a Cela, Camilo José | |
| 245 | 1 | 0 | |a Santa balbina 37, gas en cada piso y otro relato / |
| 260 | |a España : |b Aguilar, |c 1995 | ||
| 300 | |a 79 p. | ||
| 490 | 0 | |a Relato corto, 2 | |
| 505 | 0 | |a Incluye adem s: El bonito crimen del carabinero.- | |
| 653 | |a Cuentos | ||
| 653 | |a Cuentos espa¥oles-siglo 20 | ||
| 653 | |a Literatura | ||
| 653 | |a Literatura espa¥ola-siglo 20 | ||
| 859 | |a CEMS |b BIB. CEMS - 11 de abril |h 868.6 |i C33 |p 18432.95 |t Ej.1 | ||
